| Tag |
First Indicator |
Second Indicator |
Subfields |
| LEADER |
00000cam a2200000 4500 |
| 001 |
in00000044644 |
| 005 |
20151007075044.0 |
| 008 |
800612s1917 nyu 00010 eng |
| 010 |
|
|
|a 17016852
|
| 035 |
|
|
|a (OCoLC)06415093
|
| 035 |
|
|
|9 AAF2558AM
|
| 037 |
|
|
|c $1.00
|
| 040 |
|
|
|a DLC
|c TXA
|d UtOrBLW
|
| 049 |
|
|
|a TXAM
|c [10948]
|
| 050 |
|
0 |
|a BV638
|b .Y6
|
| 092 |
|
|
|a 630.1
|b Y74h
|
| 110 |
2 |
|
|a Young Men's Christian Associations.
|b International Committee.
|b County Work Department.
|
| 245 |
1 |
4 |
|a The home of the countryside /
|c ed. by the County Work Department of the International Committee of Young Men's Christian Associations.
|
| 264 |
|
1 |
|a New York :
|b Association Press,
|c 1917.
|
| 300 |
|
|
|a x, 149 pages :
|b frontispiece ;
|c 19 cm.
|
| 336 |
|
|
|a text
|b txt
|2 rdacontent
|
| 337 |
|
|
|a unmediated
|b n
|2 rdamedia
|
| 338 |
|
|
|a volume
|b nc
|2 rdacarrier
|
| 650 |
|
0 |
|a Country life.
|
| 999 |
|
|
|a MARS
|
| 999 |
f |
f |
|s ce3ef6af-7450-3ab4-b31c-3284e7bdd698
|i 5352908e-a4a0-38f7-b70d-434d6e3d12cc
|t 0
|
| 952 |
f |
f |
|p ric
|a Texas A&M University
|b Rellis Campus
|c Joint Library Facility
|d Remote Storage
|t 0
|e BV638 .Y6
|h Library of Congress classification
|i unmediated -- volume
|m A14801053817
|
| 998 |
f |
f |
|a BV638 .Y6
|t 0
|l Remote Storage
|